000 01125naa a22003137a 4500
001 BR7804592
003 BR-BrBNA
005 20240918174132.0
007 ta
008 230509b bl.||||| |||| 00| 0 por d
040 _aBR-BrBNA
_bpor
_cBiblioteca Nacional de Agricultura
041 _a(Pt)
072 _aE15; P00; F28
_b/G514
090 _aE15 BR7804592
100 1 _aFerreira, L.A.B.
111 1 _a1. Simposio Nacional de Ecologia
_cCuritiba, PR (Brazil)
_d26 Sep 1978
245 1 _aA responsabilidade de posse de terra [Recurso natural; Erosao do solo; Produtividade; Brasil]
260 3 _aCuritiba, PR (Brasil):
_c1978.
500 _aAnais do 1. Simposio Nacional de Ecologia Curitiba, PR (Brasil): 1978. v. 3 p. 117-122 (BR7804592-AM)E15
650 _aMicroeconomia
650 _aRecurso natural
650 _aErosao do solo
650 _aPosse de terra
650 _aProdutividade
650 _aConservacao do solo
773 0 _tAnais do 1. Simposio Nacional de Ecologia
_wE15 BR7804592
_gCuritiba, PR (Brasil), 1978. v. 3 p. 117-122
909 _a202404
_bLucia
_c55
_dLucia Elande
942 _cAM
_2AGRIS
999 _c309134
_d309134